Movies Quiz

Random Movies or Animation Quiz

Who Are They Lookin' At? (Animation Ed.) Quiz Stats

Quiz Updated Apr 4, 2012

Score 0/20 Timer 04:00
1 Play Today
# Lookee % Correct
1Snow White (Adrianna Caselotti)
97.3%
7Woody (Tom Hanks)
92.3%
2Belle (Paige O'Hara)
91.1%
19Lady (Barbara Luddy)
84.6%
16Shrek (Mike Myers)
84%
17Simba (Jonathan Taylor Thomas)
81.7%
13Baloo (Phil Harris)
68.7%
6Wallace (Peter Sallis)
68.1%
9Robin Hood (Brian Bedford)
66.5%
12Mr. Incredible (Craig T. Nelson)
61.7%
# Lookee % Correct
15Jiminy Cricket (Cliff Edwards)
55.8%
20EVE (Elissa Knight)
55.5%
3Alice (Kathryn Beaumont)
51.7%
14Pongo (Rod Taylor)
42%
5James (Paul Terry)
40.7%
8Remy (Patton Oswalt)
39.9%
11Gru (Steve Carell)
34.9%
4Russell (Jordan Nagai)
30.5%
10Doc Hudson (Paul Newman)
21.8%
18Megamind (Will Ferrell)
18.9%

You're not logged in!

Compare scores with friends on all Sporcle quizzes.
Join for Free
OR
Log In

You Might Also Like...

Show Comments

Extras

Top Quizzes Today


Score Distribution

Your Account Isn't Verified!

In order to create a playlist on Sporcle, you need to verify the email address you used during registration. Go to your Sporcle Settings to finish the process.

Report this User

Report this user for behavior that violates our Community Guidelines.

Details: